000 00445nam a2200169 4500
001 116633
003 ES-MaACL
005 20230906190736.0
007 t|
008 061121s1977 sp r ||||1| spa d
100 1 _aOtero Silva, Miguel.
_987920
245 1 0 _aObra poética /
_cMiguel Otero Silva.
250 _a1ª. ed.
260 _aBarcelona :
_bSeix Barral,
_c1977.
300 _a220 p. ;
_c20 cm.
852 _aES-MaACL
_jA-6795
_bR.95730
999 _c116633
_d116633